مكتبة جامعة عجلون الوطنية

فهرس بحث المكتبة

Normal view MARC view
  • Hydrology - civil Engineening

Entry Topical Term

Number of records used in: 1

001 - CONTROL NUMBER

  • control field: 4350

003 - CONTROL NUMBER IDENTIFIER

  • control field: JO-AjAnu

005 - DATE AND TIME OF LATEST TRANSACTION

  • control field: 20230606071018.0

008 - FIXED-LENGTH DATA ELEMENTS

  • fixed length control field: 230606|| aca||aabn | a|a d

040 ## - CATALOGING SOURCE

  • Original cataloging agency: JO-AjAnu
  • Transcribing agency: JO-AjAnu

150 ## - HEADING--TOPICAL TERM

  • Topical term or geographic name entry element: Hydrology - civil Engineening

670 ## - SOURCE DATA FOUND

  • Source citation: Work cat.: (JO-AjAnu)2258: JR.Ray K. Linsley and Kohler, Max A and Paulhus, Joseph L, author 4349, Hydrology for Engineers